Tilastot visalle Satunnaisia peräkkäisiä valtioita maailmankartalla

Klikkaa tästä pelataksesi tätä visaa!

Yleistilastot

  • Tätä visaa on pelattu 2 040 kertaa
    (217 viimeisimmän päivityksen jälkeen)
  • Keskiarvotulos 122 / 196

Vastaukset kartalla

Vastauksille on annettu kartalla punavihreä väri sen mukaan, kuinka moni on saanut sen oikein.
Ladataan ...
 

Vastaustilastot

Valtio% Oikein
Meksiko
67%
Chile
66%
Turkki
66%
Intia
66%
Lesotho
66%
Argentiina
66%
Yhdysvallat
66%
Egypti
66%
San Marino
65%
Islanti
65%
Kroatia
65%
Puola
65%
Pakistan
65%
Libya
65%
Marokko
65%
Espanja
65%
Liettua
65%
Liechtenstein
65%
Suomi
65%
Guinea
65%
Mongolia
65%
Unkari
65%
Taiwan
65%
Andorra
65%
Uruguay
65%
Sveitsi
65%
Itävalta
65%
Venäjä
64%
Madagaskar
64%
Brasilia
64%
Ukraina
64%
Montenegro
64%
Moldova
64%
Uzbekistan
64%
Tanska
64%
Vatikaanivaltio
64%
Venezuela
64%
Libanon
64%
Latvia
64%
Saksa
64%
Jamaika
64%
Iran
64%
Indonesia
64%
Uusi-Seelanti
64%
Alankomaat
64%
Kongon demokraattinen tasavalta
64%
Tšad
64%
Sri Lanka
64%
Bulgaria
64%
Bosnia ja Hertsegovina
64%
Etelä-Sudan
64%
Kambodža
64%
Slovakia
64%
Valko-Venäjä
64%
Saudi-Arabia
64%
Serbia
64%
Kiina
64%
Syyria
64%
Kuuba
64%
Ruotsi
64%
Mali
63%
Israel
63%
Jemen
63%
Norja
63%
Thaimaa
63%
Irak
63%
Irlanti
63%
Kongon tasavalta
63%
Italia
63%
Etelä-Afrikka
63%
Kazakstan
63%
Romania
63%
Yhdistynyt kuningaskunta
63%
Vietnam
63%
Senegal
63%
Suriname
63%
Zimbabwe
63%
Ranska
63%
Päiväntasaajan Guinea
63%
Etiopia
63%
Viro
63%
Belgia
63%
Mikronesia
63%
Georgia
63%
Kanada
63%
Ghana
63%
Bahrain
63%
Australia
63%
Armenia
63%
Guyana
63%
Niger
62%
Nicaragua
62%
Oman
62%
Tšekki
62%
Paraguay
62%
Kypros
62%
Portugali
62%
Norsunluurannikko
62%
Costa Rica
62%
Nigeria
62%
Honduras
62%
Saint Lucia
62%
Slovenia
62%
Burundi
62%
Mosambik
62%
Myanmar
62%
Burkina Faso
62%
Sudan
62%
Swazimaa
62%
Bolivia
62%
Tansania
62%
Turkmenistan
62%
Uganda
62%
Bangladesh
62%
Azerbaidžan
62%
Nepal
62%
Filippiinit
62%
Afganistan
62%
Japani
62%
Ecuador
62%
Luxemburg
62%
Gabon
62%
Pohjois-Makedonia
62%
Malediivit
62%
Malta
62%
Kenia
62%
Kosovo
62%
Kreikka
62%
Guatemala
62%
Monaco
62%
El Salvador
62%
Laos
61%
Algeria
61%
Albania
61%
Angola
61%
Somalia
61%
Etelä-Korea
61%
Guinea-Bissau
61%
Bhutan
61%
Kuwait
61%
Bahama
61%
Vanuatu
61%
Belize
61%
Tadžikistan
61%
Kap Verde
61%
Togo
61%
Tunisia
61%
Jordania
61%
Fidži
61%
Itä-Timor
61%
Keski-Afrikan tasavalta
61%
Komorit
61%
Dominikaaninen tasavalta
61%
Mauritania
61%
Marshallinsaaret
61%
Palau
61%
São Tomé ja Príncipe
61%
Peru
61%
Malesia
61%
Qatar
61%
Papua-Uusi-Guinea
61%
Ruanda
61%
Kolumbia
61%
Liberia
60%
Sambia
60%
Namibia
60%
Nauru
60%
Dominica
60%
Eritrea
60%
Mauritius
60%
Pohjois-Korea
60%
Yhdistyneet arabiemiirikunnat
60%
Djibouti
60%
Seychellit
60%
Tuvalu
60%
Sierra Leone
60%
Singapore
60%
Kamerun
60%
Tonga
60%
Gambia
60%
Kiribati
60%
Malawi
60%
Botswana
60%
Haiti
60%
Saint Kitts ja Nevis
60%
Brunei
59%
Salomonsaaret
59%
Grenada
59%
Benin
59%
Panama
59%
Kirgisia
58%
Saint Vincent ja Grenadiinit
58%
Antigua ja Barbuda
58%
Samoa
58%
Barbados
58%
Trinidad ja Tobago
58%

Tulosjakauma

Persentiili vastausten määrän mukaan

Jokaisen tuloksen saaneiden osuus

Tuloshistoriasi

Et ole pelannut tätä visaa sen viimeisimmän päivityksen jälkeen